| 000 | 00784nam a22001577a 4500 | ||
|---|---|---|---|
| 008 | 180427b xxu||||| |||| 00| 0 eng d | ||
| 020 | _a9786070304187 | ||
| 082 |
_a370.115 _bF866p |
||
| 100 |
_aFreire, Paulo _96237 |
||
| 245 |
_aPedagogía de la autonomía: _bSaberes necesarios para la práctica educativa |
||
| 260 |
_aMéxico _bSiglo Veintiuno Editores _c2012 |
||
| 300 |
_a136 p. _c21 cm. |
||
| 505 |
_tPrólogo _rEdina Castro de Oliveira _tPrimeras palabras _rPaulo Freire _tI. No hay docencia sin discencia _tII. Enseñar no es transferir conocimiento _tIII. Enseñar es una especificidad humana |
||
| 650 |
_2Educación _xEducación-responsabilidad social _xPedagogía crítica _xFilosofía de la educación _xObjetivos educativos _96240 |
||
| 700 |
_aPalacios, Guillermo (Traductor) _96241 |
||
| 999 |
_c1426 _d1426 |
||